000 00343nam a2200133Ia 4500
005 20260328104301.0
008 260328s9999||||xx |||||||||||||| ||und||
100 _aBert, Bielefeld
245 0 _aBasisc Architectural Design /
_cBielefeld Bert
260 _bBirkhäuser
300 _a326 p.
650 _aDISEÑO ARQUITECTÓNICO
942 _cBK
999 _c10599
_d10599